| 000 | 00522nam a2200181Ia 4500 | ||
|---|---|---|---|
| 008 | 240925s9999 xx 000 0 und d | ||
| 020 | _a471417432 | ||
| 082 | _a005.43 SIL | ||
| 100 | _aAbraham , Silbesschatz | ||
| 245 | 0 | _aOperating System Concepts | |
| 250 | _a4th | ||
| 260 |
_aNew Jersey: _bJohn wiley & Sons _c,2002. |
||
| 300 |
_axxix,482p. _bNA _fInternational Edition |
||
| 500 | _aIncludes Index | ||
| 600 | _aEngineering Technology | ||
| 650 | _aComputer science, information & general works | ||
| 942 | _cBK | ||
| 999 |
_c7293 _d7293 |
||